Memoria del Ateneo de Palencia leída por el secretario general Manuel Carande en la sesión inaugural del curso de 1878 á 1879. (Record no. 172534)

MARC details
000 -LEADER
campo de control de longitud fija 00589nam a22001575i 4500
001 - NÚMERO DE CONTROL
campo de control 172534
003 - IDENTIFICADOR DE NÚMERO DE CONTROL
campo de control ES-MaACL
005 - FECHA Y HORA DE LA ÚLTIMA TRANSACCIÓN
campo de control 20230906214939.0
008 - DATOS DE LONGITUD FIJA--INFORMACIÓN GENERAL
campo de control de longitud fija 090715s1878 sp |||| | spa d
110 2# - ENTRADA PRINCIPAL--NOMBRE DE ENTIDAD CORPORATIVA
Nombre de entidad corporativa o nombre de jurisdicción como elemento de entrada Ateneo Científico, Literario y Artístico de Palencia.
9 (RLIN) 1851
245 10 - MENCIÓN DEL TÍTULO
Título Memoria del Ateneo de Palencia leída por el secretario general Manuel Carande en la sesión inaugural del curso de 1878 á 1879.
260 ## - PUBLICACIÓN, DISTRIBUCIÓN, ETC.
Lugar de publicación, distribución, etc. Palencia :
Nombre del editor, distribuidor, etc. [s.n.],
Fecha de publicación, distribución, etc. 1878 (
Fabricante Imp. de Cembrero y Martínez)
300 ## - DESCRIPCIÓN FÍSICA
Extensión 19 p. ;
Dimensiones 21 cm.
700 0# - ENTRADA AGREGADA--NOMBRE PERSONAL
Nombre de persona Carande, Manuel.
9 (RLIN) 34951
852 ## - LOCALIZACIÓN
Ubicación ES-MaACL
Número de control de estantería T-337-F-1
Holdings
Estatus retirado Estado de pérdida Estado de daño No para préstamo Colección Biblioteca de origen Biblioteca actual Ubicación en estantería Fecha de adquisición Fuente de adquisición Total de préstamos Signatura topográfica completa Código de barras Visto por última vez Precio de reemplazo Tipo de ítem Koha
        Colección de folletos Biblioteca del Ateneo de Madrid Biblioteca del Ateneo de Madrid Depósito folletos 15/07/2009     T-337-F-1 1181060 23/02/2023 23/02/2023 Folleto